Commercial and industrial floorspace and rateable value statistics 2003 (Record no. 73908)

MARC details
000 -LEADER
fixed length control field 01020cam a2200229 4500
001 - CONTROL NUMBER
control field WB3946-03
008 - FIXED-LENGTH DATA ELEMENTS--GENERAL INFORMATION
fixed length control field 031202n2003 000 0 eng u
035 ## - SYSTEM CONTROL NUMBER
System control number (Sirsi) u124543
245 ## - TITLE STATEMENT
Title Commercial and industrial floorspace and rateable value statistics 2003
260 ## - PUBLICATION, DISTRIBUTION, ETC.
Date of publication, distribution, etc. 2003
490 ## - SERIES STATEMENT
Series statement ODPM News Release
Volume/sequential designation 253(FS-2003) 28 November 2003 (2)
520 ## - SUMMARY, ETC.
Summary, etc. The "Commercial and industrial floorspace and rateable value statistics 2003" revealed there were 591m sq m (sq m) of floorspace in England and Wales in 2003. Approximately 19% of floorspace was in retail premises, 17% in offices, 39% in factories and 26% in warehouses. http://www.odpm.gov.uk/pns/DisplayPN.cgi?pn_id=2003_0253.
590 ## - LOCAL NOTE (RLIN)
Local note WB
650 ## - SUBJECT ADDED ENTRY--TOPICAL TERM
Topical term or geographic name entry element INDUSTRIAL FLOORSPACE
650 ## - SUBJECT ADDED ENTRY--TOPICAL TERM
Topical term or geographic name entry element RATEABLE VALUES
650 ## - SUBJECT ADDED ENTRY--TOPICAL TERM
Topical term or geographic name entry element ENGLAND
650 ## - SUBJECT ADDED ENTRY--TOPICAL TERM
Topical term or geographic name entry element WALES
650 ## - SUBJECT ADDED ENTRY--TOPICAL TERM
Topical term or geographic name entry element STATISTICS
650 ## - SUBJECT ADDED ENTRY--TOPICAL TERM
Topical term or geographic name entry element COMMERCIAL AND INDUSTRIAL FLOORSPACE AND RATEABLE VALUE STATISTICS
690 ## - LOCAL SUBJECT ADDED ENTRY--TOPICAL TERM (OCLC, RLIN)
Topical term or geographic name as entry element PROPERTY-COMMERCIAL PROPERTY-COMMERCIAL PROPERTY MARKET
942 ## - ADDED ENTRY ELEMENTS (KOHA)
Suppress in OPAC 0
Holdings
Withdrawn status Lost status Source of classification or shelving scheme Damaged status Not for loan Home library Current library Shelving location Date acquired Total Checkouts Full call number Barcode Date last seen Copy number Price effective from Koha item type
    Dewey Decimal Classification     London London News article 02/12/2003   WB3946-03 124543-1001 06/08/2019 1 06/08/2019 News article